<?xml version="1.0" encoding="UTF-8"?>
<collection xmlns="http://www.loc.gov/MARC21/slim">
 <record>
  <leader>01412nam a2200205Ia 4500</leader>
  <controlfield tag="001">CTU_174</controlfield>
  <controlfield tag="008">210402s9999    xx            000 0 und d</controlfield>
  <datafield tag="082" ind1=" " ind2=" ">
   <subfield code="a">930.1</subfield>
  </datafield>
  <datafield tag="082" ind1=" " ind2=" ">
   <subfield code="b">D304</subfield>
  </datafield>
  <datafield tag="100" ind1=" " ind2=" ">
   <subfield code="a">Lê, Xuân Diệm</subfield>
  </datafield>
  <datafield tag="245" ind1=" " ind2="0">
   <subfield code="a">Văn hóa Óc Eo</subfield>
  </datafield>
  <datafield tag="245" ind1=" " ind2="0">
   <subfield code="b">Những khám phá mới</subfield>
  </datafield>
  <datafield tag="245" ind1=" " ind2="0">
   <subfield code="c">Lê Xuân Diệm, Võ Sĩ Khải, Đào Linh Côn</subfield>
  </datafield>
  <datafield tag="260" ind1=" " ind2=" ">
   <subfield code="a">Hà Nội</subfield>
  </datafield>
  <datafield tag="260" ind1=" " ind2=" ">
   <subfield code="b">Khoa học - Xã hội</subfield>
  </datafield>
  <datafield tag="260" ind1=" " ind2=" ">
   <subfield code="c">1995</subfield>
  </datafield>
  <datafield tag="520" ind1=" " ind2=" ">
   <subfield code="a">Văn hóa Óc Eo là một vấn đề văn hóa - khoa học lớn gắn liền với đất nước-con người vùng đồng bằng-châu thổ hạ lưu sông Mê Kông; đồng thời nó còn có quan hệ mật thiết với lịch sử Đông Nam á thời cổ. Cuốn sách với những thông tin tư liệu khoa học đa dạng và cụ thể giúp cho các nhà khoa học, các nhà hoạt động văn hóa, các độc giả trong và ngoài nước có điều kiện tiếp cận, tìm hiểu theo bè rộng và chiều sâu về văn hóa óc Eo - Phù Nam, để cùng tìm hiểu về cội nguồn văn hóa, văn minh và lịch sử đất nước Việt Nam.</subfield>
  </datafield>
  <datafield tag="650" ind1=" " ind2=" ">
   <subfield code="a">archaeology</subfield>
  </datafield>
  <datafield tag="650" ind1=" " ind2=" ">
   <subfield code="z">vietnam</subfield>
  </datafield>
  <datafield tag="980" ind1=" " ind2=" ">
   <subfield code="a">Trung tâm Học liệu Trường Đại học Cần Thơ</subfield>
  </datafield>
 </record>
</collection>
